| 000 | 00382 a2200109 4500 | ||
|---|---|---|---|
| 001 | ART_45737 | ||
| 005 | 20260410161815.0 | ||
| 008 | 260409a | ||
| 245 | 1 | 0 | _aLos cambios legislativos como motor para la deconstrucción de la enseñanza del derecho de las familias |
| 100 | 1 | _aHerrera, Marisa | |
| 773 | 0 |
_tAcademia _g- Año 15, Nº 29 (ene./jun. 2017) _wREV4314 |
|
| 999 |
_c21838 _d21838 |
||